Vývoj finančnej vedy na našom území (obdobie stredoveku, Márie Terézie a Jozef II.) zabezpečovanie univerzitného vzdelávania bakalárska práca

Salvato in:
Dettagli Bibliografici
Autore principale: Hörčíková, Stanislava
Ente Autore: Národohospodárska fakulta EU. Katedra financií
Altri autori: Baláži, Peter
Natura: Libro
Lingua:slovacco
Pubblicazione: Bratislava 2016
Tags: Aggiungi Tag
Nessun Tag, puoi essere il primo ad aggiungerne!!

MARC

LEADER 00000nbm a2200000 4500
001 0225354
005 20161221095209.1
041 0 |a slo 
044 |a SK 
245 1 0 |a Vývoj finančnej vedy na našom území (obdobie stredoveku, Márie Terézie a Jozef II.) zabezpečovanie univerzitného vzdelávania  |b bakalárska práca  |c Stanislava Hörčíková ; školiteľ: Peter Baláži 
264 1 |a Bratislava  |c 2016 
300 |a 43 s. 
100 1 |a Hörčíková, Stanislava 
700 1 |a Baláži, Peter 
710 2 |a Národohospodárska fakulta EU. Katedra financií